| 000 | 00941nam a2200217 a 4500 | ||
|---|---|---|---|
| 001 | 000015980 | ||
| 005 | 20200929164226.0 | ||
| 008 | 100222s1981 dr a 000 0 spa d | ||
| 040 |
_aDO-SdBNP _bspa _cBNPHU |
||
| 082 |
_a370 _bS612d |
||
| 111 | 1 |
_aSimposio dominicano de psicología educativa _n(1: _d1981: abril 29-30 _cSanto Domingo) _935898 |
|
| 245 | 1 | 0 |
_aPonencias del I simposio dominicano de psicología educativa / _cPatria L. de Silva...[ et. al] ; presentación Minerva vincent de Camilo. |
| 260 |
_aSanto Domingo : _bAcociación Dominicana de Psicología, _c1981. |
||
| 300 |
_a202 p. ; : _bil. ; _c20 cm. |
||
| 504 | _aIncluye bibliografía : p. 17, 29, 43, 201-202 | ||
| 650 | 4 |
_aPsicopedagogía _xCongresos, conferencias, etc. _935899 |
|
| 650 | 4 |
_aEducación _zRepública Dominicana _xCongresos, conferencias, etc. _935900 |
|
| 700 | 1 |
_aL. de Silva, Patria _935901 |
|
| 700 | 1 |
_aVincent de Camilo, Minerva _935902 |
|
| 049 | _aBNPD | ||
| 999 |
_c15522 _d15522 |
||